[Event "Selfoss Milk Masters 2nd"]
[Site "Selfoss"]
[Date "2003.11.05"]
[Round "7"]
[White "Malakhov, Vladimir"]
[Black "Nikolic, Predrag"]
[Result "1/2-1/2"]
[WhiteElo "2696"]
[BlackElo "2647"]
[Annotator "Stohl,I"]
[PlyCount "68"]
[EventDate "2003.10.29"]
[EventType "tourn"]
[EventRounds "9"]
[EventCountry "ISL"]
[EventCategory "15"]
[SourceTitle "CBM 098"]
[Source "ChessBase"]
[SourceDate "2004.02.03"]
[SourceVersion "1"]
[SourceVersionDate "2004.02.03"]
[SourceQuality "1"]

1. Nf3 Nf6 2. c4 b6 3. d3 $5 {White is not interested in a theoretical duel in
one of the topical Hedgehog linbes and adopts a quiet system. The setup with
c4,d3,e4 was advocated by Botvinnik, but with opposite colours against the
Closed Sicilian. Here however White's Nf3 would be better placed on e2, thus
Black has no problems with achieving fully-fledged counterplay.} (3. g3 c5 4.
Bg2 Bb7 5. O-O g6 6. d3 Bg7 7. e4 {Kortschnoj,V-Psakhis,L/ FIDE Wch k.o. 2001/
1/2-1/2. (50)}) 3... c5 4. e4 d6 {In a different move order Black may leave
his central pawns flexible for the time being as in the game Kortschnoj,
V-Psakhis,L/ FIDE Wch k.o. 2001.} ({However now after} 4... Bb7 {he must
seriously reckon with} 5. e5 $5 {()[+]}) 5. h3 g6 6. g3 Bg7 7. Bg2 Bb7 8. O-O
O-O 9. Nc3 Nc6 10. Be3 e5 {[%mdl 32768] White had finished his development and
was already prepared to play d4, Nikolic prevents this in the most radical way.
Black has other playable alternatives:} (10... e6 $5 11. d4 Na5 $1 12. Qd3 d5
13. cxd5 exd5 14. dxc5 (14. e5 $142 $5 Ne4 15. dxc5 Nxc5 16. Qc2 $13) 14...
Nxe4 15. cxb6 axb6 16. Rfc1 $2 (16. Qc2 Rc8 17. Bd4 $11) 16... Nc5 17. Qd1 Nc4
18. Bd4 Nxb2 19. Qc2 Bxd4 20. Nxd4 Nba4 21. Ncb5 Qf6 $17 {Berkes,F-Almasi,Z/
Budapest 2003}) (10... Rc8 {prevents d4 indirectly, on the other hand this is
perhaps not the best square for the R a8, which could help in supporting a b5
advance from b8.} 11. Qd2 (11. Rc1 Nd7 12. b3 Nde5 13. Ne1 Nd4 14. Ne2 Nec6 15.
Nxd4 cxd4 16. Bd2 Qd7 17. f4 f5 18. exf5 gxf5 19. Nf3 Rce8 20. Nh4 e6 21. Qh5
Nd8 22. Rce1 Bxg2 23. Kxg2 Nb7 24. g4 Nc5 25. gxf5 e5 $13 {Miton,K-Sakaev,K/
EU-Cup 17th Panormo 2001}) 11... Nd7 (11... Ne8 12. b3 e5 13. Nh2 Nd4 14. Rae1
Nf6 15. g4 Ne6 16. Ne2 Nd7 17. g5 f6 18. f4 exf4 19. Nxf4 Nxf4 20. Rxf4 Ne5 21.
Ref1 $13 {1/2-1/2 Lobron,E-Kurajica,B/ Reggio Emilia 1984 (21)}) 12. Nh2 (12.
Kh2 a6 13. Nh4 Nd4 14. f4 b5 15. Rac1 e6 16. b3 f5 17. cxb5 Nxb5 18. Nxb5 axb5
19. b4 Qe7 20. bxc5 Nxc5 21. exf5 Bxg2 22. Nxg2 gxf5 23. Rc2 Qd7 24. Rfc1 b4 $1
$36 {Speelman,J-Browne,W/ London 1980}) (12. Nh4 e6 13. Nb5 Qe7 14. f4 a6 15.
Nc3 b5 16. Rae1 Nd4 17. Kh2 Kh8 18. f5 Be5 19. Bg5 f6 20. Bh6 Rg8 21. fxe6 Qxe6
22. Nd5 Bxd5 23. exd5 Qe7 24. Be3 f5 25. Nf3 Nxf3+ 26. Bxf3 bxc4 27. dxc4 g5
$15 {Kveinys,A-Sulava,N/ Bled olm 2002}) 12... Nd4 13. f4 f5 14. Rae1 Ba8 15.
Nf3 a6 16. Kh2 e5 17. fxe5 Nxf3+ 18. Bxf3 Nxe5 19. Bg2 Qd7 20. exf5 Rxf5 21.
Nd5 Bxd5 22. Bxd5+ Kh8 23. Be4 Rh5 24. h4 Ng4+ $11 {1/2-1/2 Hecht,H-Johansen,D/
Luzern olm 1982 (24)}) (10... a6 11. Qd2 Nd7 12. d4 cxd4 13. Nxd4 Rc8 14. b3
Re8 15. Rac1 Nc5 16. h4 h5 17. Nxc6 Bxc6 18. Bd4 Bf8 19. Nd5 Nd7 20. f4 e6 21.
Nc3 e5 22. Bf2 exf4 23. gxf4 Nf6 $132 {Panchenko,A-Agdestein,S/ Moscow 1994})
11. Nh2 {Although h2 is hardly an ideal square for the N, White can't aspire
for an advantage even after the seemingly more logical} (11. Qd2 Nd4 12. Ne1 $5
Ne8 (12... Qd7 13. Kh2 Nh5 14. Nd5 f5 $6 15. exf5 gxf5 $2 (15... Nxf5 $132) 16.
Bxd4 cxd4 17. Qg5 Nf6 18. Qxf5 $1 Rad8 19. Qxd7 Rxd7 20. Nxf6+ Rxf6 21. Rc1 $16
{Zysk,R-Kestler,H/ BL84/85 GER-chT 1985}) 13. Nd5 Nc7 $11) 11... Nd4 12. Qd2
Ne8 (12... Nd7 13. f4 a6 (13... f5 $142 $132) 14. f5 $1 gxf5 15. exf5 Bxg2 16.
Qxg2 Kh8 17. Kh1 Rb8 18. b3 Rg8 19. g4 Bf6 20. Ne4 Be7 21. Rf2 f6 22. Nf1 Nf8
23. Nc3 b5 24. Ng3 $16 {Speelman,J-Lautier,J/ Dordrecht blitz 2001}) ({Black
wants to meet f4 head on with his own f-pawn and manoeuvres his Nf6 to a
better position, but this could still wait:} 12... Rb8 $5 13. Bg5 (13. f4 Nh5
$1 $36) 13... Qd7 14. Ne2 Nxe2+ 15. Qxe2 Nh5 16. Bf3 f5 17. Bxh5 gxh5 18. g4
hxg4 19. hxg4 fxe4 20. dxe4 b5 21. cxb5 d5 22. Rad1 Qf7 $44 {Sola,R-Slipak,S/
Buenos Aires 1997}) 13. g4 $146 {This novelty makes it more difficult for
Black to play f5, but on the other hand White's main active resource f4 will
now weaken the dark squares.} (13. f4 exf4 14. Bxf4 (14. gxf4 f5 $132 {~~})
14... Nc7 15. Bh6 f5 16. Rae1 Qd7 17. Bxg7 Qxg7 18. exf5 Bxg2 19. Kxg2 Rxf5 20.
Ng4 Rxf1 21. Rxf1 Rf8 22. Ne4 Nf5 23. Nc3 h5 24. Ne3 Qh6 $11 {Dgebuadze,
A-Klein,V/ Leon 1996}) 13... Nc7 (13... f5 $5 14. exf5 Bxg2 15. Kxg2 gxf5 16.
Nd5 $13) 14. f4 exf4 15. Bxf4 Nce6 16. Be3 Qd7 (16... Be5 $6 17. g5 {[%cal
Rh2g4] /\Ng4|^} f6 18. gxf6 Rxf6 19. Ng4 Rxf1+ 20. Rxf1 $14) (16... Qh4 17. Nd5
$5 $13) 17. g5 {This allows Black to simplify the position, but he would be OK
even after} (17. Nd5 f5 18. gxf5 gxf5 $11) 17... f5 18. gxf6 Rxf6 19. Ng4 Rxf1+
20. Rxf1 Rf8 21. Rxf8+ Kxf8 22. Nd5 Qf7 23. Kh1 (23. Bh6 Bxh6 24. Qxh6+ Kg8 25.
Qe3 Kh8 26. e5 Nf5 $11 {/=/+ leads nowhere, strategically the exchange of the
dar-squared B is advantageous for Black.}) 23... Nf3 $5 24. Qf2 Bxd5 (24...
Ned4 $143 25. Nh6 Bxh6 26. Bxh6+ Kg8 27. Be3 $36) 25. cxd5 (25. Qxf3 $6 Qxf3
26. Bxf3 Bc6 $15 {[%csl Rd4,Re5][%cal Gh8a1] ><d4,e5,/^a1-h8}) (25. exd5 Ned4 {
[%cal Yf7f5] /\Qf5|^}) 25... Ned4 26. Nh6 (26. Bxf3 Qxf3+ 27. Qxf3+ Nxf3 28. b3
h5 $15 {_|_}) 26... Qf6 $11 27. Ng4 Qf7 28. Qg3 {Malakhov decides to give it a
try and avoids repetition, but Black's position is too solid and by continuing
the game White risks more than his opponent.} (28. Nh6 $11) 28... Ne5 29. Qh4
$6 (29. Bxd4 $142 cxd4 30. Nxe5 Bxe5 31. Qf3 $11) 29... Nxg4 30. Qxg4 (30. hxg4
Be5 31. Qd8+ Kg7 $15 {[%csl Gd4,Ge5] [+]}) 30... Kg8 (30... Be5 31. Bh6+ Ke7
32. Qc8 $132 {/\} Qf2 33. Qc7+ Ke8 34. Qc8+ $11) 31. Qc8+ Qf8 32. Qg4 (32.
Qxf8+ $2 Kxf8 33. Bxd4 Bxd4 $15 {[%csl Gd4,Rg2] /-/+^-_|_ gives Black a
clear-cut advantage, using his >> majority he will try to penetrate with his K
to the <<. if this is enough to win is another question.}) ({Deserting the
defence of the K with} 32. Qd7 Be5 33. Qxa7 Ne2 {gives Black at least a draw 
(Ng3-e2), perhaps he can strive even for more after} 34. Qxb6 Bf4 $5 $44) 32...
Qf7 {Nikolic is not ambitious and is satisfied with repetition.} (32... Nc2 33.
Bf4 {[%cal Rg4e6] /\Qe6} Nd4 $11) (32... Be5 $5 $15) 33. Qc8+ Qf8 34. Qg4 Qf7
1/2-1/2

[Event "Capablanca Memorial Premier 33rd"]
[Site "Havana"]
[Date "1998.05.10"]
[Round "4"]
[White "Pecorelli Garcia, Humberto"]
[Black "Herrera, Irisberto"]
[Result "1-0"]
[WhiteElo "2465"]
[BlackElo "2445"]
[Annotator "Stohl,I"]
[PlyCount "129"]
[EventDate "1998.05.07"]
[EventType "tourn"]
[EventRounds "13"]
[EventCountry "CUB"]
[EventCategory "8"]
[SourceTitle "CBM 065"]
[Source "ChessBase"]
[SourceDate "1998.08.06"]
[SourceVersion "1"]
[SourceVersionDate "1998.08.06"]
[SourceQuality "1"]

1. Nf3 c5 2. c4 Nc6 3. b3 Nf6 4. Bb2 e6 5. g3 b6 6. Bg2 Bb7 7. O-O Be7 8. d4 {
Now 2 pairs of minor pieces disappear and this makes Black's defense easier.} (
{Somewhat more ambitious is} 8. e3 O-O 9. d4 {/\} d5 10. Ne5 $5 $14) 8... Nxd4
9. Nxd4 Bxg2 10. Kxg2 (10. Nxe6 dxe6 11. Kxg2 Qc7 $11) 10... cxd4 11. Qxd4 O-O
(11... d5 $143 $6 12. cxd5 Qxd5+ 13. Qxd5 exd5 14. Nc3 $14 {[%csl Rd5] ><d5})
12. Nc3 {A well-known and approximately equal position, quite typical for the
Hedgehog. It's not easy for White to find an active plan, as by advancing too
far with his pawns he could weaken his position without achieving anything. By
good defense Black should be able to counter any attempts by his opponent and
strive for counterplay of his own. (the typical breakthroughs b5,d5 are
practically impossible, but with only 2 minor pieces on board Black's task is
not so dangerous.)} Qc7 (12... Qc8 13. e4 d6 14. f3 Qc5 15. Na4 (15. Qd3 $142)
15... Qxd4 16. Bxd4 Nd7 17. Rad1 Rfd8 $11 {1/2,Bronstein,D-Shamkovich,L/
URS-ch32/1964/}) 13. f3 (13. e4 Qb7 (13... Rad8 14. Rad1 Qb7 15. f3 Ne8 16. Rd2
f5 $6 17. Rfd1 Bg5 18. Rd3 Bf6 19. e5 Be7 20. Qf2 Rf7 21. Qd2 Bb4 22. a3 Bf8
23. Ne2 Nc7 24. Nf4 g6 25. h4 b5 26. cxb5 Qxb5 27. Rc1 Qb7 28. Rxc7 Qxc7 29.
Nxe6 dxe6 30. Rxd8 $18 {Botvinnik,M-Capablanca,J/Moscow/1936/ This game shows
that understanding of such positions came only later, in the distant past even
the strongest players played hedgehog structures rather strangely.}) (13... d6
14. f3 Rfd8 15. g4 Rac8 16. Rad1 Qb7 17. g5 Nh5 $6 18. f4 Rc5 (18... Nxf4+ 19.
Rxf4 e5 20. Qd5 $18) 19. Qf2 f5 20. Qf3 g6 21. Ba3 Rc7 22. Rfe1 Rf8 23. Bxd6
Bxd6 24. Rxd6 fxe4 25. Qxe4 Nxf4+ 26. Kh1 Rf5 27. Qxb7 Rxb7 28. Ne4 $16 {
Poluljahov,A-Tregubov,P/URS-sf/1991/}) 14. Rad1 Rfd8 15. f3 d6 16. Rd2 Rd7 (
16... a6 17. a4 Ne8 18. Rfd1 Bg5 19. Rd3 Bf6 20. Qf2 Rdc8 21. Qd2 h6 22. h4 Rc6
$6 (22... Rc7 $1 $11) 23. Ne2 $1 Bxb2 24. Qxb2 Rc5 25. Nc3 Rac8 26. Qf2 Qe7 27.
f4 $14 {Krasenkow,M-Skembris,S/Asti op/1996/ White gradually prepared a >>
attack in a model way, first stopping Black's play on the other side.}) 17.
Rfd1 Rad8 18. Qe3 Bf8 19. Rd3 Ne8 20. Qd2 Nc7 21. Qc2 Qc6 22. Ne2 b5 23. Nd4
Qb7 $132 {Stahlberg,G-Sanguinetti,R/Mar del Plata/1948/}) (13. Rad1 d6 14. f4
a6 15. a4 Rfd8 16. Rf3 $6 d5 $1 17. cxd5 exd5 18. b4 Qb7 19. g4 a5 $1 20. g5
axb4 21. gxf6 Bc5 22. Qe5 bxc3 23. Bxc3 g6 24. Kg3 d4 $1 25. Bxd4 Rd5 26. Qe3
Qd7 27. Bxc5 Rxd1 28. Bxb6 Re8 29. Qf2 h5 30. h3 Qxa4 $19 {Gurevich,D-De
Firmian,N/USA-ch/1983/}) (13. Rfd1 Rfd8 14. Qd3 Qb7+ 15. Qf3 Qxf3+ 16. Kxf3 d6
17. Nb5 {1/2,Tal,M-Benjamin,J/San Francisco/1991/}) 13... a6 14. e4 d6 {
The typical pawn constellation has been reached.} 15. Rfd1 Rfd8 16. Rd2 $146 (
16. a4 Bf8 17. Rac1 Nd7 18. Qd3 Rac8 19. Qc2 Qb7 20. Rd2 Nc5 21. Rcd1 Qb8 22.
Re2 Be7 23. Bc1 Qb7 24. Bf4 Qc6 25. Red2 Nb7 26. Be3 Qc7 27. Qb2 Nc5 28. Bd4
Bf8 $11 {1/2,Jakobsen,O-Pedersen,E/DEN-ch/1980/}) 16... Rac8 {The preceding
practical examples have shown us what both sides are up to. Black has a
variety of possible plans, e.g. doubling his R on the d<-> and transferring
his N via e8 to c7 in an attempt to force b5. Another idea is to stop White's
possible << advance by moving the N over to c5 (see Jakobsen-Pedersen). White,
according to the circumstances, can prepare either a double-edged advance of
>> pawns, or strengthen his position and proceed on the other flank. This is
the plan White realizes in our game in a model way, making his effort a
text-book example of a gradual << attack. But Black helps by playing passively,
losing time and simply not knowing what to do.} (16... Qc5 $5 17. Qd3 (17. Na4
Qxd4 18. Bxd4 b5 19. Nb6 Rab8 $132) 17... Nd7 {[%cal Yc5c7,Yd7c5] /\Qc7,Nc5}) (
16... Bf8 $142) (16... Ne8 $5 {[%cal Ye7f6,Yc7b7,Ye8c7] /\Bf6,Qb7,Nc7}) 17.
Rad1 Qb8 18. a4 Qc7 $6 (18... Bf8 {[%cal Yf6e8,Ye8c7] /\Ne8-c7}) 19. Ba3 Ne8
20. Qe3 $1 $14 Bf6 (20... h6 $5 21. Bb4 Bg5 22. f4 Bf6 $14 {[%csl Re4] ><e4})
21. Bb4 h6 22. Rd3 $1 Bg5 23. Qf2 $36 Bf6 24. Qd2 Be7 (24... Qb7 $142 $5 {/\}
25. a5 Bxc3 26. Bxc3 b5 $132) 25. Qa2 $1 {[%csl Ra6,Rd6][%cal Ra4a5] /\a5,><a6,
d6} Bf6 (25... a5 $6 26. Nb5 Qb8 27. Ba3 $16) 26. a5 $16 {Ivanchuk,V (2720)
-Adams,M (2620) Dortmund 1992 (7) 1-0 Now Black's << breaks up and White's
pressure grows. The a4-a5 plan is not very typical, sometimes it's effective
in a different situation, e.g.} Rd7 (26... Bxc3 27. Bxc3 (27. axb6 Qxb6 28.
Bxc3 $16) 27... b5 28. cxb5 axb5 29. Bb4 $16) 27. Qa3 (27. axb6 Qxb6 28. Ba5
$16) 27... bxa5 28. Bxa5 Qc6 29. Ne2 Rb7 30. Bc3 (30. Rc1 $5 $36 {[%cal Rb3b4]
/\b4}) 30... Be7 (30... Bxc3 $142 $16) 31. Qa2 Rcb8 32. Nd4 Qc8 33. Ra1 $5 ({
White doesn't want to misplace his Q by taking a measly pawn.} 33. Qxa6 Ra8 34.
Qc6 Rc7 35. Qb5 Rb7 36. Qh5 Ra2+ $44) 33... Rb6 (33... e5 $2 34. Nf5 Bf8 35. b4
$16) (33... Bf6 $6 34. Qxa6 Bxd4 35. Bxd4 $16) 34. Ba5 R6b7 35. Rad1 Bf6 36. b4
$1 {[%cal Yc4c5] After this important advance Black counterplay on the b<-> is
stopped and White concentrates on preparing c5} Ra8 37. Rc1 Rd7 38. Qa4 Qb7 39.
Nb3 $1 {[%cal Rb3c5] /\Nc5} Re7 40. c5 $18 dxc5 41. Rxc5 {[%cal Ra5d8,Re4e5] /
\Bd8,e5+- White wins material by force.} (41. bxc5 $5 $18 {[%csl Gc5] o^c5})
41... e5 $8 (41... Nc7 42. e5 (42. Rd7 Qb5 $3 43. Qxb5 Nxb5 $14) 42... Bg5 43.
h4 $18) 42. Bd8 Re6 43. Na5 Qb8 (43... Qa7 44. Nc6 {is the same.}) 44. Nc6 Qb7
45. Bxf6 Nxf6 (45... Rxf6 $142 46. Nxe5 Rd6 $18) 46. Nd8 $1 Rxd8 47. Rxd8+ Kh7
48. Qa3 Rb6 49. Rc4 Qe7 50. Rd2 Nh5 51. Qc3 Qg5 52. Kf2 Re6 53. Rc7 Nf6 54. Qe3
(54. Rxf7 $2 Qh5 $132) 54... Qh5 55. Kg2 Qg6 56. Rd8 Nh5 57. Rcc8 Qf6 58. Rh8+
Kg6 59. Rcg8 $1 $40 {[%cal Re3h6] /\Qh6#} Nf4+ (59... Qg5 60. Qxg5+ hxg5 61.
Re8 $18) 60. gxf4 exf4 61. Qg1 Re5 62. Kh1+ Rg5 63. Qf1 Qb2 64. Ra8 Rh5 65.
Qg2+ 1-0

[Event "Bundesliga 0102"]
[Site "Germany"]
[Date "2001.11.24"]
[Round "3.6"]
[White "Sadler, Matthew D"]
[Black "Andersson, Ulf"]
[Result "1/2-1/2"]
[WhiteElo "2631"]
[BlackElo "2601"]
[Annotator "Stohl,I"]
[PlyCount "56"]
[EventDate "2001.10.06"]
[EventType "team-tourn"]
[EventRounds "15"]
[EventCountry "GER"]
[SourceTitle "CBM 087"]
[Source "ChessBase"]
[SourceDate "2002.03.21"]
[SourceVersion "1"]
[SourceVersionDate "2002.03.21"]
[SourceQuality "1"]
[WhiteTeam "Solingen"]
[BlackTeam "Porz"]
[WhiteTeamCountry "GER"]
[BlackTeamCountry "GER"]

1. b3 Nf6 2. Bb2 g6 3. Nf3 Bg7 4. e3 O-O 5. c4 c5 6. Be2 Nc6 7. O-O b6 8. d3 {
In this game it's untypically White who strives for a Hedgehog setup. This
isn't too ambitious and can hardly promise an advantage against a player of
Andersson's experience.} ({The game gets a different character after} 8. d4
cxd4 9. Nxd4 Bb7 10. Bf3 Rc8 11. Nc3 d6 12. Qd2 Qd7 13. Nxc6 Bxc6 14. Nd5 Nxd5
15. cxd5 Bb5 16. Bxg7 Kxg7 17. Rfc1 Qf5 18. a4 Bd7 19. a5 Qe5 20. axb6 axb6 21.
h3 Bf5 $11 {Cramling,D-De Firmian,N/Biel/1986/}) 8... Bb7 9. Nbd2 ({
Overambitious is} 9. e4 $143 Re8 10. a3 e6 $5 11. Qc2 d5 12. Rd1 d4 13. Bc1 Qe7
14. Nbd2 Nd7 15. Nf1 f5 16. Ng3 Nf6 $15 {(),Marth,J-Enders,P/Bad Zwesten op/
1999/}) 9... e6 (9... d5 10. a3 (10. cxd5 Qxd5 11. a3 e5 12. Qc2 {is a
position, which arises mainly with opposite colours.}) 10... d4 $5 {()} 11. e4
$6 (11. exd4 Ne8 12. b4 $5 $13) 11... e5 12. Rb1 a5 13. Ne1 Ne8 14. Nc2 f5 15.
Bc1 Nd6 16. f3 Bh6 17. b4 a4 18. bxc5 bxc5 19. exf5 gxf5 20. Ne4 Bxc1 21. Nxd6
Qxd6 22. Qxc1 Na5 23. Na1 Bc6 24. Bd1 e4 $17 {Habibi,A-Belotti,B/SWZ/1991/}) (
9... d6 10. Rc1 Re8 11. Qc2 e5 12. a3 Rc8 13. Ne4 d5 14. Nxf6+ Bxf6 15. cxd5
Qxd5 16. Ne1 Bg7 17. Bf3 Qd7 18. Qb1 a5 19. Bc3 Qe7 20. Be2 Ba6 21. Nf3 e4 22.
Nd2 exd3 23. Bxd3 Bxd3 24. Qxd3 Red8 25. Qc2 Bxc3 26. Qxc3 Qe5 $132 {1/2,
Matthias,H-Brenke,A/Lippstadt/1991/}) 10. a3 Qe7 (10... d5 11. Qb1 (11. Ra2 Qe7
12. Qa1 Rfd8 13. Ne5 Nxe5 14. Bxe5 Ne8 15. Bxg7 Nxg7 16. cxd5 exd5 17. Nf3 $11
{1/2,Bischoff,K-Farago,I/Albena/1984/}) 11... d4 12. exd4 Nxd4 13. Nxd4 cxd4
14. Re1 e5 15. Bf3 Bxf3 16. Nxf3 Nd7 $11 17. b4 Rc8 18. Qd1 h6 19. Qa4 Qc7 20.
Re2 f5 $6 21. Rae1 Rf7 22. Qb5 Kh7 23. Qd5 Rf6 24. Nxd4 $1 Rd6 25. Qf7 Rf8 26.
Qe7 exd4 27. Re6 Rxe6 28. Rxe6 Rc8 29. Bxd4 Nf8 30. Be5 {1-0,Markowski,
T-Wojtkiewicz,A/Katowice/1995/}) 11. Qb1 Rfd8 12. Re1 d5 13. Ne5 $5 ({Black
gets an active position after} 13. cxd5 exd5 14. d4 (14. Bf1 b5 15. Qc2 Rac8 {
()}) 14... Ne4 (14... Bc8 15. Bb5 $13) 15. dxc5 Nc3 $1 16. Qc1 Qxc5 $36) 13...
Nxe5 14. Bxe5 Ne8 (14... d4 15. exd4 cxd4 16. Bf3 $14) 15. Bxg7 Nxg7 16. cxd5
Rxd5 $11 (16... exd5 17. d4 $14) (16... Bxd5 17. b4 Rac8 $11) 17. Qb2 (17. b4
Rad8 18. bxc5 Rxc5 19. d4 Rc7 20. Qb2 Rdc8 $11) 17... Rad8 18. b4 Ba6 {Black
decides to stabilize the <<, thus limiting active play for both sides.} (18...
e5 $5 19. Nf3 e4 (19... f6 20. bxc5 Rxc5 21. d4 $14) 20. dxe4 Qxe4 21. bxc5
Rxc5 $13 {was a more aggressive and playable alternative.}) 19. b5 Bb7 20. a4
Ne8 21. a5 Qc7 (21... Nd6 22. Nf3 {[%csl Rd5] צd5}) 22. Rec1 R5d7 23. Nc4 (23.
d4 $5 Qb8 24. axb6 axb6 25. Nb3 cxd4 26. Nxd4 Qe5 $132) 23... Re7 (23... f6 $6
24. d4 $1 $36 {/\} cxd4 25. Nxb6 $18) 24. axb6 axb6 25. Ra7 f6 26. f4 (26. Bf3
Qb8 27. Rca1 Kf7 (27... Rxd3 28. Be2 {/\Nb6+/-}) 28. Bc6 Bxc6 29. Rxe7+ Kxe7
30. bxc6 b5 31. Na5 Qb6 $13) 26... Rdd7 27. Rca1 Kf7 {With the only weak point
b6 sufficiently protected Black has little to fear.} 28. R1a3 (28. Bf3 Qd8 29.
Bxb7 Rxb7 30. R7a3 Nd6 $11) 28... Nd6 $11 1/2-1/2

[Event "Albert/Berlin m"]
[Site "Albert/Berlin"]
[Date "1998.06.08"]
[Round "3"]
[White "Huebner, Robert"]
[Black "Bacrot, Etienne"]
[Result "1/2-1/2"]
[WhiteElo "2560"]
[BlackElo "2565"]
[Annotator "Tischbierek,R"]
[PlyCount "56"]
[EventDate "1998.06.06"]
[EventType "match"]
[EventRounds "6"]
[EventCountry "FRA"]
[SourceTitle "CBM 066"]
[Source "ChessBase"]
[SourceDate "1998.09.30"]
[SourceVersion "1"]
[SourceVersionDate "1998.09.30"]
[SourceQuality "1"]

1. Nf3 Nf6 2. c4 b6 3. g3 c5 4. Bg2 Bb7 5. O-O g6 6. Nc3 Bg7 7. d4 cxd4 8. Qxd4
O-O (8... Nc6 $142 9. Qh4 $140 h6) 9. Qh4 h5 (9... d6 $142 10. Bh6 Nbd7 $14)
10. Bg5 d6 11. e4 $2 (11. Rad1 {/\ 12.Nd5+/- Huebner}) 11... Nc6 12. Nd5 Re8 $1
13. Rad1 $6 (13. Bxf6 exf6 14. Rad1 $14 {Bacrot}) 13... Nh7 14. Bc1 e6 15. Qxd8
Raxd8 16. Nc7 Re7 17. Nb5 Red7 18. Nfd4 Nxd4 19. Nxd4 d5 20. cxd5 (20. exd5
exd5 21. Bh3 Rc7) 20... exd5 21. Bh3 Re7 (21... Rc7 $1 22. Nb3 $5 (22. Bf4 Rc4
$36) (22. Nb5 Rc5 23. Nc3 d4 $36) (22. exd5 $2 Rxc1 23. Rxc1 Bxd4 24. Rfd1 Bxb2
25. Rc7 Rxd5 $1 26. Rb1 Ba6 $1 27. Rxa7 Be2 28. Rxb2 Rd1+ 29. Kg2 Bf1+ 30. Kf3
Ng5+ $17) 22... Rc2 (22... d4 $6 23. f3) 23. f4 Bxb2 24. Bxb2 Rxb2 25. Rf2 Rxf2
26. Kxf2 $13) 22. exd5 Rxd5 23. Be3 Bxd4 24. Rxd4 (24. Bxd4 $2 Ba6) 24... Rxd4
25. Bxd4 Ng5 26. Bg2 Nf3+ 27. Bxf3 Bxf3 28. h4 Rd7 1/2-1/2

[Event "Gausdal Int"]
[Site "Gausdal"]
[Date "1995.??.??"]
[Round "8"]
[White "Gausel, Einar"]
[Black "Sulskis, Sarunas"]
[Result "1-0"]
[WhiteElo "2495"]
[BlackElo "2505"]
[Annotator "Tisdall,J"]
[PlyCount "69"]
[EventDate "1995.08.??"]
[EventType "swiss"]
[EventRounds "9"]
[EventCountry "NOR"]
[SourceTitle "CBM 048"]
[Source "ChessBase"]
[SourceDate "1995.10.01"]
[SourceVersion "1"]
[SourceVersionDate "1995.10.01"]
[SourceQuality "1"]

1. Nf3 Nf6 2. c4 b6 3. g3 Bb7 4. Bg2 e6 5. O-O Be7 6. b3 O-O 7. Bb2 c5 8. Nc3
Nc6 9. d4 cxd4 $2 {>< Nc6.} (9... Nxd4 $142 10. Nxd4 Bxg2) 10. Nxd4 Qc7 11. Nc2
Rac8 12. e4 d6 13. f4 a6 {/\ ...b5.} 14. Kh1 Qb8 15. g4 Rfe8 16. g5 Nd7 17. Rf3
$1 $40 e5 $6 (17... Bf8) 18. Bh3 $1 Rcd8 19. Bxd7 Rxd7 20. Nd5 exf4 21. Rh3
Bxg5 (21... g6 22. Qg4 Qd8 23. Nf6+ Bxf6 24. Bxf6 Ne7 25. Rxh7) 22. Qh5 h6 23.
Bxg7 $6 (23. Qxg5 $3 hxg5 24. Nf6+) 23... Kxg7 24. Rg1 Re6 (24... f6 25. Rxg5+
fxg5 26. Qxh6+) (24... Rh8 25. Rxg5+ hxg5 26. Qxg5+) 25. Rxg5+ Kf8 (25... hxg5
26. Qh7+ Kf8 27. Qh8#) 26. Nxf4 Nd8 (26... Rf6 27. Nd5 Re6 28. Rhg3) 27. Nxe6+
Nxe6 28. Rg8+ $1 Kxg8 29. Qxh6 Bxe4+ 30. Kg1 f6 31. Qh8+ Kf7 32. Qxb8 Bxc2 33.
Rh8 Ng7 34. Qg8+ Kg6 35. Qh7+ 1-0